| 000 | 04658nkm0a2200577 4500 | ||
|---|---|---|---|
| 001 | RU\NLR\BIBL_A\011510703 | ||
| 005 | 20260408124902.0 | ||
| 035 | _a(NLR Aleph) 011510703 | ||
| 090 |
_a13457711 _c13457711 |
||
| 100 | _a20171031d1918 |||y0rusy50 ca | ||
| 101 | 0 | _arus | |
| 102 | _aRU | ||
| 116 | _afiybxx xx ae | ||
| 135 | _acrcn 024anaba | ||
| 200 | 1 |
_aДень празднования годовщины первой пролетарской революции в Петрограде - 25-X-17 г. с. ст. - 7-XI-1918 г. н. ст. _iКомиссары Петроградской коммуны у здания Смольного в день открытия памятника Карлу Марксу _i1. тов. Зиновьев. 2. тов. Луначарский. 3. тов. Позерн. 4. тов. Евдокимов. 5. тов. Ионов. 6. тов. Лилина. 7. тов. Лисовский. 8. тов. Восков. 9. тов. Равич _bИзоматериал _e[открытка] |
|
| 210 |
_aПетроград _cФотопеч. А.И. Центер _d1918 |
||
| 215 |
_a1 л. _cфотография _d8,7х13,6 |
||
| 301 | _aИзд. номер: 1 | ||
| 325 | 1 | _aКопия доступна в электронной библиотеке РНБ | |
| 464 | 0 | _15401#$aГригорий Евсеевич Зиновьев | |
| 464 | 0 | _15401#$aАнатолий Васильевич Луначарский | |
| 464 | 0 | _15401#$aБорис Павлович Позерн | |
| 464 | 0 | _15401#$aГригорий Еремеевич Евдокимов | |
| 464 | 0 | _15401#$aИлья Ионович Ионов | |
| 464 | 0 | _15401#$aЗлата Ионовна Лилина | |
| 464 | 0 | _15401#$aМоисей Ионович Лисовский | |
| 464 | 0 | _15401#$aСемен Петрович Восков | |
| 464 | 0 | _15401#$aСарра Наумовна Равич | |
| 532 | 1 | 3 | _aДень празднования годовщины первой пролетарской революции в Петрограде - 25 октября 1917 года старого стиля - 7 ноября 1918 года нового стиля. Комиссары Петроградской коммуны у здания Смольного в день открытия памятника Карлу Марксу. 1. товарищ Зиновьев. 2. товарищ Луначарский. 3. товарищ Позерн. 4. товарищ Евдокимов. 5. товарищ Ионов. 6. товарищ Лилина. 7. товарищ Лисовский. 8. товарищ Восков. 9. товарищ Равич |
| 606 | 1 |
_aПочтовые открытки маркированные художественные _yСССР _z1917 - 1941 _92195712 _3RU\NLR\AUTH\6601555037 |
|
| 606 | 1 |
_aФотографические открытки _92151039 _3RU\NLR\AUTH\661600135 |
|
| 606 | 1 |
_aВеликая Октябрьская социалистическая революция _jОткрытки _xГодовщины _z1917 _z1918 _92340937 _3RU\NLR\AUTH\6601622780 |
|
| 610 | 1 | _aГрупповые портреты | |
| 617 |
_aРСФСР _cПетроградская губерния _cПетроградский уезд _dПетроград, город _eСмольный |
||
| 617 |
_aРСФСР _cПетроградская губерния _cПетроградский уезд _dПетроград, город _eПамятник К. Марксу |
||
| 617 | _f19181107 | ||
| 686 | 0 | _aЩ153(2)7-489 | |
| 712 | 0 | 0 |
_4650 _4410 _aЦентер, _cПетроград _gАвгуст Иоганнович, _hиздательство и фотопечатня _9436944 _3RU\NLR\AUTH\880385346 |
| 712 | 0 | 2 |
_4570 _aПетроградская трудовая коммуна _bСовет народных комиссаров _9560453 _3RU\NLR\AUTH\880448476 |
| 852 | 0 | 0 |
_aNLR _bЭ _jОП/З-635 _mЭот99220 |
| 856 | 0 | _uhttp://vivaldi.nlr.ru/lo000071711/view | |
| 856 | 1 | _uhttp://vivaldi.nlr.ru/lo000071711/cover | |
| 856 | 2 | _uhttp://vivaldi.nlr.ru/lo000071711/text | |
| 901 | _eИзографические материалы | ||
| 942 | _cVISUAL | ||
| 980 | _aNB | ||
| 981 | 2 | 2 |
_a(22) Материалы по истории России _b(22) История России с 25 октября (7 ноября) 1917 года |
| 981 | 1 | 7 |
_a(17) Изографические материалы _b(17) Открытки _bПортреты |